000 00362nam a22001577a 4500
020 _a978-93-5072-150-6
082 _aH3
_bLAT/G
100 _aLata Sharma
245 _aGali Rangrezaan/
_cby Lata Sharma
260 _aNew Delhi:
_bVani,
_c2012.
300 _a192p.
650 _aNovel Hindi
650 _aLiterature Hindi
650 _aLiterature
942 _cBK
999 _c52927
_d52927